<?xml version="1.0" encoding="UTF-8"?>
<record
    xmlns:xsi="http://www.w3.org/2001/XMLSchema-instance"
    xsi:schemaLocation="http://www.loc.gov/MARC21/slim http://www.loc.gov/standards/marcxml/schema/MARC21slim.xsd"
    xmlns="http://www.loc.gov/MARC21/slim">

  <leader>00614nam a22001937a 4500</leader>
  <controlfield tag="003">OSt</controlfield>
  <controlfield tag="005">20260107114449.0</controlfield>
  <controlfield tag="008">260107b        |||||||| |||| 00| 0 eng d</controlfield>
  <datafield tag="020" ind1=" " ind2=" ">
    <subfield code="a">9789350162316</subfield>
  </datafield>
  <datafield tag="245" ind1=" " ind2=" ">
    <subfield code="a">Microprocessor &amp; Programming</subfield>
  </datafield>
  <datafield tag="260" ind1=" " ind2=" ">
    <subfield code="a">Pune</subfield>
    <subfield code="b">Vision Publication</subfield>
    <subfield code="c">2014</subfield>
  </datafield>
  <datafield tag="300" ind1=" " ind2=" ">
    <subfield code="a">316pp.</subfield>
  </datafield>
  <datafield tag="650" ind1="0" ind2="1">
    <subfield code="a"> Basics of Microprocessor</subfield>
    <subfield code="9">216188</subfield>
  </datafield>
  <datafield tag="650" ind1="0" ind2="2">
    <subfield code="a"> 16 Bit Microprocessor 8086</subfield>
    <subfield code="9">216189</subfield>
  </datafield>
  <datafield tag="650" ind1="0" ind2="3">
    <subfield code="a"> Instruction Set of 8086 Microprocessor</subfield>
    <subfield code="9">216190</subfield>
  </datafield>
  <datafield tag="650" ind1="0" ind2="4">
    <subfield code="a">The Art of Assembly Language Programming</subfield>
    <subfield code="9">216191</subfield>
  </datafield>
  <datafield tag="650" ind1="0" ind2="5">
    <subfield code="a">8086 Assembly Language Programming</subfield>
    <subfield code="9">216192</subfield>
  </datafield>
  <datafield tag="942" ind1=" " ind2=" ">
    <subfield code="2">ddc</subfield>
    <subfield code="c">BK</subfield>
  </datafield>
  <datafield tag="999" ind1=" " ind2=" ">
    <subfield code="c">369707</subfield>
    <subfield code="d">369707</subfield>
  </datafield>
  <datafield tag="952" ind1=" " ind2=" ">
    <subfield code="0">0</subfield>
    <subfield code="1">0</subfield>
    <subfield code="2">ddc</subfield>
    <subfield code="4">0</subfield>
    <subfield code="7">0</subfield>
    <subfield code="a">001</subfield>
    <subfield code="b">001</subfield>
    <subfield code="d">2026-01-07</subfield>
    <subfield code="l">0</subfield>
    <subfield code="p">KBJP-D-594</subfield>
    <subfield code="r">2026-01-07 11:45:17</subfield>
    <subfield code="w">2026-01-07</subfield>
    <subfield code="y">BK</subfield>
    <subfield code="z">594</subfield>
  </datafield>
</record>
